000 00822nmc a2200313 a 4500
003 AR-BaBNM
005 20251128211354.0
008 084020s2003 ||||||||||||||000 | spa||
020 _a950-808-366-2
040 _cAR-BaBNM
100 1 _aCastel, Robert
245 1 0 _aPropiedad privada, propiedad social, propiedad de sí mismo
_bconversaciones sobre la construcción del individuo moderno
250 _a1ª ed.
260 _aRosario
_bHomo Sapiens Ediciones
_c2003
300 0 _a120 p.
490 0 _aPoliteia
650 4 _aETICA
650 4 _aMORAL
650 4 _aPERSONA
650 4 _aRELIGION
650 4 _aDERECHOS HUMANOS
650 4 _aCULTURA
650 4 _aCIUDADANIA
653 _aEVANGELIZACION
700 1 _aHaroche, Claudine
800 1 _aQuiroga, Hugo
942 _cBK
998 _cMariana
999 _c19392
_d19392